| 000 | 01232nam0a22002891 4500 | ||
|---|---|---|---|
| 001 | rc\2975954 | ||
| 005 | 20110909071422.8 | ||
| 035 | _a(NLR Aleph) 007121637 | ||
| 090 |
_a6868751 _c6868751 |
||
| 100 | _a20110909d1937 |||y0rusy50 ca | ||
| 101 | 0 | _arus | |
| 102 | _aRU | ||
| 105 | _aa z ||||| | ||
| 200 | 1 |
_aНовый способ формовки турбинных диафрагм _fД.В. Никитин и Г.Д. Таранник (стахановцы Модельного цеха ХЭТЗ) _gПод ред. инж. С.Я. Барлинского |
|
| 210 |
_aХарьков _cизд-во и типо-цинк. Гос. науч. техн. изд-ва _d1937 |
||
| 215 |
_aОбл., 24 с., [1] вкл. л. черт. _cил., черт. _d18х13 см |
||
| 225 | 1 | _aБиблиотечка стахановца | |
| 300 | _aПредисл.: инж. Я.И. Беленков, нач. Литейного цеха ХЭТЗ (с. 3-5) | ||
| 700 | 1 |
_aНикитин _bД. В. |
|
| 701 | 1 |
_aТаранник _bГ. Д. |
|
| 702 | 1 |
_aБарлинский _bС. Я. _4340 |
|
| 702 | 1 |
_aБеленков _bЯ. И. _4080 |
|
| 801 | 0 |
_aRU _bNLR _gpsbo |
|
| 801 | 1 |
_aRU _bELAR _2rusmarc |
|
| 852 |
_aNLR _j37-10/5101 |
||
| 942 | _cBOOK | ||
| 980 | _aNB | ||